Le progrès du catholicisme en France / (Record no. 108073)

MARC details
000 -LEADER
campo de control de longitud fija 00578nam a2200193 i 4500
001 - NÚMERO DE CONTROL
campo de control 108073
003 - IDENTIFICADOR DE NÚMERO DE CONTROL
campo de control ES-MaACL
005 - FECHA Y HORA DE LA ÚLTIMA TRANSACCIÓN
campo de control 20250830111649.0
007 - CAMPO FIJO DE DESCRIPCIÓN FÍSICA--INFORMACIÓN GENERAL
campo de control de longitud fija t|
008 - DATOS DE LONGITUD FIJA--INFORMACIÓN GENERAL
campo de control de longitud fija 070118q19001920fr ||||1| fre d
245 03 - MENCIÓN DEL TÍTULO
Título Le progrès du catholicisme en France /
Mención de responsabilidad, etc. par M. le Chanoine X***.
260 ## - PUBLICACIÓN, DISTRIBUCIÓN, ETC.
Lugar de publicación, distribución, etc. Paris :
Nombre del editor, distribuidor, etc. Bloud et Gay,
Fecha de publicación, distribución, etc. [19-?]
300 ## - DESCRIPCIÓN FÍSICA
Extensión 24 p. :
Otras características físicas il. ;
Dimensiones 22 cm.
490 1# - MENCIÓN DE SERIE
Mención de serie Tracs du C.C.P.F. ;
Designación de volumen o secuencia 9
610 27 - PUNTO DE ACCESO ADICIONAL DE MATERIA--NOMBRE DE ENTIDAD CORPORATIVA
Nombre de entidad corporativa o nombre de jurisdicción como elemento de entrada Iglesia Católica-
Subdivisión geográfica Francia
Fuente del encabezamiento o término
9 (RLIN) 159716
830 0# - PUNTO DE ACCESO ADICIONAL DE SERIE-TÍTULO UNIFORME
Título uniforme Tracs du C.C.P.F. ;
Designación de volumen o secuencia 9
9 (RLIN) 232920
852 ## - LOCALIZACIÓN
Ubicación ES-MaACL
Número de control de estantería 1572-F-8
Holdings
Estatus retirado Estado de pérdida Estado de daño No para préstamo Colección Biblioteca de origen Biblioteca actual Ubicación en estantería Fecha de adquisición Fuente de adquisición Total de préstamos Signatura topográfica completa Código de barras Visto por última vez Precio de reemplazo Tipo de ítem Koha
        Colección de folletos Biblioteca del Ateneo de Madrid Biblioteca del Ateneo de Madrid Depósito folletos 17/01/2008     1572-F-8 1112778 23/02/2023 23/02/2023 Folleto